| 000 | 00708nam a22002171i 4500 | ||
|---|---|---|---|
| 001 | 142371 | ||
| 003 | ES-MaACL | ||
| 005 | 20250830232243.0 | ||
| 007 | t| | ||
| 008 | 071004s1942 sp |||| | spa d | ||
| 080 | _a32(73)"1933/1945" | ||
| 080 | _a327(73) | ||
| 100 | 1 |
_aWirsing, Giselher. _9117132 |
|
| 245 | 1 | 3 |
_aEl continente sin límite _b: programa de Roosevelt para un dominio americano del mundo / _cGiselher Wirsing. |
| 260 |
_aMadrid : _bAfrodisio Aguado, _c1942. |
||
| 300 |
_a484 p. ; _c21 cm. |
||
| 651 | 4 |
_aEstados Unidos- _xHistoria- _y1933-1945. _98544 |
|
| 651 | 4 |
_aEstados Unidos- _xPolítica exterior- _yS.XX _98551 |
|
| 852 |
_aES-MaACL _jB-9843 |
||
| 999 |
_c142371 _d142371 |
||